Statistics for German football clubs by badge

Click here to take the quiz!

General Stats

  • This quiz has been taken 114 times
  • The average score is 44 of 58

Answer Stats

Answer% Correct
FC Schalke 04
100%
Hertha BSC
99%
VfL Bochum
99%
1. FC Heidenheim
97%
FC St. Pauli
97%
Hamburger SV
96%
Bayer 04 Leverkusen
94%
FC Ingolstadt 04
94%
RB Leipzig
94%
Borussia Dortmund
93%
FC Erzgebirge Aue
93%
1. FC Köln
92%
Hallescher FC
92%
Hannover 96
92%
TSG 1889 Hoffenheim
92%
1. FC Union Berlin
91%
Borussia Mönchengladbach
90%
Eintracht Frankfurt
90%
FC Bayern Munich
90%
VfL Wolfsburg
90%
Dynamo Dresden
88%
1. FSV Mainz 05
87%
SV Werder Bremen
87%
VfB Stuttgart
87%
1. FC Nürnberg
85%
FC Augsburg
85%
SC Freiburg
85%
SC Paderborn 07
85%
1. FC Magdeburg
84%
SV Darmstadt 98
83%
Eintracht Braunschweig
82%
FC Viktoria Köln
82%
SV Sandhausen
82%
SpVgg Bayreuth
80%
Fortuna Düsseldorf
79%
FSV Zwickau
79%
Holstein Kiel
79%
FC Energie Cottbus
78%
SV Wehen Wiesbaden
78%
Arminia Bielefeld
74%
FC Carl Zeiss Jena
74%
TSV 1860 Munich
74%
FC Hansa Rostock
73%
1. FC Kaiserslautern
72%
SpVgg Greuther Furth
71%
Karlsruher SC
60%
SSV Jahn Regensburg
57%
VfL Osnabrück
45%
Rot-Weiss Essen
43%
1. FC Saarbrücken
40%
SC Preußen Münster
40%
Chemnitzer FC
35%
SV Meppen
35%
SC Verl
34%
SV Elversberg
34%
MSV Duisburg
31%
Würzburger Kickers
28%
VfB Oldenburg
25%

Score Distribution

Percentile by Number Answered

Percent of People with Each Score

Your Score History

You have not taken this quiz